LEADER 02081nam1 22004453i 450 001 BVEE024589 005 20170908093213.0 100 $a20111124d1535 ||||0itac50 ba 101 | $agrc 102 $ait 181 1$6z01$ai $bxxxe 182 1$6z01$an 200 1 $a˜Loukianou Samosateōs tōn œDialogōn meros prōton \-deuteron! hōn elenchos estin en tais ephexēs selisi. Luciani Samosatei dialogorum pars prima \-secunda!, quorum index est in proximis paginis 210 $aVenetijs$c\Lucantonio Giunta 1.!$d1535 215 $a2 v.$d8º 300 $aTesto solo in greco 300 $aA cura di Antonio Francino, il cui nome figura nella pref. del vol. 1 300 $aMarca (Z 628) sui front 300 $aCors. ; gr. ; rom 300 $aFregi xil. 463 1$1001BVEE024592$12000 $a1 463 1$1001VIAE017085$12000 $a2$v2 510 1 $a˜Luciani Samosatei œdialogorum pars prima \-secunda!, quorum index est in proximis paginis.$9BVEE024591 620 $dVenezia$3SBLL003553 700 0$aLucianus$3CFIV010826$4070$0159729 702 1$aFrancino$b, Antonio $f $3BVEV056476 712 02$aGiunta, Lucantonio$d <1.>$3BVEV017767$4650 790 0$aLuciano$3CFIV010827$zLucianus 790 0$aLuciano : di Samosata$3CFIV032874$zLucianus 790 0$aLuciano di Samosata$3CFIV032875$zLucianus 790 0$aLucien$3MILV207438$zLucianus 790 0$aLucianus : Samosatensis$3PUVV193437$zLucianus 801 3$aIT$bIT-NA0079$c20111124 850 $aIT-NA0079 912 $aBVEE024589 921 $aBVEM000966$bGiglio fiorentino con iniziali L A circondato da ghirlanda e sorretto da putti.$cZ628$dSui front. 950 1$aBiblioteca Nazionale Vittorio Emanuele III$bv. 1.-2.$c1 v. (vol. 1.)$d BNS.Q. 21. E 1$bv. 1.-2.$c1 v. >(vol. 2.)$d BNS.Q. 21. E 2 977 $a BN 996 $aDialogōn meros prōton \-deuteron! hōn elenchos estin en tais ephexēs selisi. Luciani Samosatei dialogorum pars prima \-secunda!, quorum index est in proximis paginis$91480695 997 $aUNISANNIO